日韓関係ー協力と対立の交渉史
Salvato in:
| Autore principale: | |
|---|---|
| Natura: | Libro |
| Lingua: | Undetermined |
| Pubblicazione: |
東京
株式会社教育社
1978
|
| Soggetti: | |
| Tags: |
Aggiungi Tag
Nessun Tag, puoi essere il primo ad aggiungerne! !
|
| Thư viện lưu trữ: | Trung tâm Học liệu Trường Đại học Cần Thơ |
|---|
| LEADER | 00490nam a2200181Ia 4500 | ||
|---|---|---|---|
| 001 | CTU_80666 | ||
| 008 | 210402s9999 xx 000 0 und d | ||
| 082 | |a 952 | ||
| 082 | |b Y21 | ||
| 100 | |a 山本剛士 | ||
| 245 | 0 | |a 日韓関係ー協力と対立の交渉史 | |
| 245 | 0 | |c 山本剛士 | |
| 260 | |a 東京 | ||
| 260 | |b 株式会社教育社 | ||
| 260 | |c 1978 | ||
| 650 | |a International Relations | ||
| 904 | |i Ngoc,Hải | ||
| 980 | |a Trung tâm Học liệu Trường Đại học Cần Thơ | ||